Detalles MARC
| 000 -LEADER |
| fixed length control field |
02746nam a2200481Ii 4500 |
| 001 - CONTROL NUMBER |
| control field |
DIGCIDOB003 |
| 003 - CONTROL NUMBER IDENTIFIER |
| control field |
NyNyDIG |
| 006 - FIXED-LENGTH DATA ELEMENTS--ADDITIONAL MATERIAL CHARACTERISTICS |
| fixed length control field |
m o d |
| 007 - PHYSICAL DESCRIPTION FIXED FIELD--GENERAL INFORMATION |
| fixed length control field |
cr ||||||||||| |
| 008 - FIXED-LENGTH DATA ELEMENTS--GENERAL INFORMATION |
| fixed length control field |
131201s2004 sp a ob 000 0 spa d |
| 020 ## - INTERNATIONAL STANDARD BOOK NUMBER |
| Canceled/invalid ISBN |
8487072445 |
| 020 ## - INTERNATIONAL STANDARD BOOK NUMBER |
| Canceled/invalid ISBN |
9788487072444 |
| 035 ## - SYSTEM CONTROL NUMBER |
| System control number |
(OCoLC)888261717 |
| 040 ## - CATALOGING SOURCE |
| Original cataloging agency |
DGITA |
| Language of cataloging |
eng |
| Description conventions |
pn |
| Transcribing agency |
DGITA |
| 043 ## - GEOGRAPHIC AREA CODE |
| Geographic area code |
e------ |
| -- |
n-us--- |
| 050 14 - LIBRARY OF CONGRESS CALL NUMBER |
| Classification number |
JN30 eBook |
| 245 00 - TITLE STATEMENT |
| Title |
Europa en construcción |
| Medium |
[electronic resource] : |
| Remainder of title |
integración, identidades y seguridad / |
| Statement of responsibility, etc. |
Manuel Castells y Narcís Serra, eds. ; [contribuciones de Giuliano Amato ... et al.]. |
| 264 #1 - PRODUCTION, PUBLICATION, DISTRIBUTION, MANUFACTURE, AND COPYRIGHT NOTICE |
| Place of production, publication, distribution, manufacture |
Barcelona : |
| Name of producer, publisher, distributor, manufacturer |
Fundació CIDOB : |
| -- |
Distribuido por Edicions Bellaterra, S.L, |
| Date of production, publication, distribution, manufacture, or copyright notice |
c2004. |
| 300 ## - PHYSICAL DESCRIPTION |
| Extent |
1 online resource (180 pages) : |
| Other physical details |
ill. |
| 336 ## - CONTENT TYPE |
| Content type term |
text |
| Content type code |
txt |
| Source |
rdacontent |
| 337 ## - MEDIA TYPE |
| Media type term |
computer |
| Media type code |
c |
| Source |
rdamedia |
| 338 ## - CARRIER TYPE |
| Carrier type term |
online resource |
| Carrier type code |
cr |
| Source |
rdacarrier |
| 490 1# - SERIES STATEMENT |
| Series statement |
Interrogar la actualidad. Serie Europa. |
| 504 ## - BIBLIOGRAPHY, ETC. NOTE |
| Bibliography, etc. note |
Includes bibliographical references. |
| 505 0# - FORMATTED CONTENTS NOTE |
| Formatted contents note |
Presentación / Joan Clos -- Introducción: Unión Europea sin identidad europea: problemas y perspectivas / Manuel CastellsT -- Construcción de una identidad política europea / Jürgen Habermas -- El fracaso de la Europa política / Michel Rocard -- Estados, naciones y comunidades en la Unión Europea. /Riva Kastoryano -- Musulmanes y multiculturalismo en Europa / Tariq Modood -- Europa en el mundo: de actor regional a actor global / Giuliano Amato -- Multilateralismo: crisis y retos de Europa / David Held -- La Unión Europea y la seguridad global / Javier Solana -- Norteamérica, Europa y el principio de Derecho Internacional / G. John Ikenberry -- Distanciamiento transatlántico en la gobernanza global / Robert Kagan -- La Alianza Atlántica y el terrorismo: perspectivas decooperación / Kenton W. Keith -- Conclusión: Europa y la construcción de un nuevo orden global / Narcís Serra. |
| 610 20 - SUBJECT ADDED ENTRY--CORPORATE NAME |
| Corporate name or jurisdiction name as entry element |
European Union. |
| 651 #0 - SUBJECT ADDED ENTRY--GEOGRAPHIC NAME |
| Geographic name |
European Union countries |
| General subdivision |
Relations |
| Geographic subdivision |
United States. |
| 651 #0 - SUBJECT ADDED ENTRY--GEOGRAPHIC NAME |
| Geographic name |
United States |
| General subdivision |
Relations |
| Geographic subdivision |
European Union countries. |
| 651 #0 - SUBJECT ADDED ENTRY--GEOGRAPHIC NAME |
| Geographic name |
European Union countries |
| General subdivision |
Politics and government. |
| 651 #0 - SUBJECT ADDED ENTRY--GEOGRAPHIC NAME |
| Geographic name |
European Union countries |
| General subdivision |
Foreign relations. |
| 650 #0 - SUBJECT ADDED ENTRY--TOPICAL TERM |
| Topical term or geographic name entry element |
National security |
| Geographic subdivision |
European Union countries. |
| 655 #0 - INDEX TERM--GENRE/FORM |
| Genre/form data or focus term |
Electronic books. |
| 700 1# - ADDED ENTRY--PERSONAL NAME |
| Personal name |
Castells, Manuel, |
| Dates associated with a name |
1942- |
| 700 1# - ADDED ENTRY--PERSONAL NAME |
| Personal name |
Serra, Narcís. |
| 700 1# - ADDED ENTRY--PERSONAL NAME |
| Personal name |
Amato, Giuliano. |
| 710 2# - ADDED ENTRY--CORPORATE NAME |
| Corporate name or jurisdiction name as entry element |
CIDOB (Center) |
| 791 2# - |
| -- |
Digitalia (Firm), |
| -- |
distributor. |
| 793 0# - |
| -- |
Digitalia eBook Collection: |
| -- |
Fundació CIDOB |
| 830 #0 - SERIES ADDED ENTRY--UNIFORM TITLE |
| Uniform title |
Interrogar la actualidad. |
| Name of part/section of a work |
Serie Europa. |
| 856 40 - ELECTRONIC LOCATION AND ACCESS |
| Materials specified |
Digitalia Hispánica |
| Uniform Resource Identifier |
<a href="https://www.digitaliapublishing.com/a/19564/">https://www.digitaliapublishing.com/a/19564/</a> |
| 910 ## - USER-OPTION DATA (OCLC) |
| User-option data |
Premium Collection: 2007-2012 |
| 942 ## - ADDED ENTRY ELEMENTS (KOHA) |
| Koha item type |
Recurso Electrónico |